00381ntaaa2200145 45000030003000000050017000030080021000200400037000410820017000781000023000952450043001182500038001613000011001996500025002100120251027201408.00714s1973 ag 01  aAR-BaBNbspacAR-BaBNeaacrdRIC a225.8230 W64 aWilder, Amós N.  aOtherworldliness and the New Testament a1 ed. : bSCM Press Ltd., cc/955 a125 p. aTeología Bíblica